Novela zákona o miestnom poplatku za rozvoj
Dňa 1. novembra 2025 nadobudla účinnosť novela zákona o miestnom poplatku za rozvoj, ktorá pre obce prináša vyššie sadzby a viac flexibility. V príspevku autori poskytujú prehľad kľúčových zmien a ich vplyv na obce.
Salvato in:
| Natura: | Capitolo di libro |
|---|---|
| Lingua: | slovacco |
| Soggetti: | |
| Tags: |
Nessun Tag, puoi essere il primo ad aggiungerne!!
|
MARC
| LEADER | 00000naa a2200000 4500 | ||
|---|---|---|---|
| 001 | 0313368 | ||
| 005 | 20251126091809.9 | ||
| 041 | 0 | |a slo | |
| 044 | |a SK | ||
| 245 | 1 | 0 | |a Novela zákona o miestnom poplatku za rozvoj |
| 520 | |a Dňa 1. novembra 2025 nadobudla účinnosť novela zákona o miestnom poplatku za rozvoj, ktorá pre obce prináša vyššie sadzby a viac flexibility. V príspevku autori poskytujú prehľad kľúčových zmien a ich vplyv na obce. | ||
| 610 | 2 | 0 | |a legislatíva |
| 610 | 2 | 0 | |a novelizácia |
| 610 | 2 | 0 | |a poplatky miestne |
| 610 | 2 | 0 | |a sadzby daňové |
| 610 | 2 | 0 | |a rozvoj hospodársky |
| 610 | 2 | 0 | |a obce |